000 00360nam a2200169Ia 4500
100 _aAhuja/K.K
650 _aProduction Management
942 _cBK
366 _f20
654 _aproduction management
245 _aProduction Management
260 _bCBS
_c2010
082 _a658.5
_bAHU
300 _a970
546 _aENGLISH
_cInfo.Tech
999 _c21485
_d21485